000 01259nac a22003617a 4500
001 BR7200884
003 BR-BrBNA
005 20240105113450.0
008 230509b bl.|||m| |||| 00| 0 por d
040 _aBR-BrBNA
_bpor
_cBiblioteca Nacional de Agricultura
072 _aF25; F00
090 _a0120 BR7200884
100 1 _aMaia, J.R.S.
100 1 _aMonteiro, J.R.A.
100 1 _aOliveira, A.L.
110 1 _aSecretaria da Agricultura do Maranhao, Sao Luis (Brasil). Depto. de Pesquisas e Experimentacao
_98260
245 1 _aEnsaios de adubacao mineral e espacamento e densidade de semeio com a cultura do milho (Zea mays L.)no Maranhao (Brasil)
260 3 _aSao Luis, MA (Brasil):
_c1972.
300 _a32 p.
490 _aBoletim Tecnico. Serie Culturas Alimentares - Secretaria da Agricultura do Maranhao. Depto. de Pesquisas e Experimentacao (Brazil)
_vno. 1
_x
500 _aNumerical data
650 _aESPACAMENTO
650 _aSEMEADURA
650 _aADUBACAO
650 _aMILHO
650 _aRENDIMENTO
650 _aFERTILIZANTE POTASSICO
650 _aFERTILIZANTE NITROGENADO
650 _aFERTILIZANTE FOSFATADO
650 _aMARANHAO
909 _a202312
_bLúcia Elande
_c55
_dLúcia Elande
942 _2AGRIS
_n0
_cMS
999 _c263881
_d263881